00640 2200229 4500001002100000005001700021008004100038035002400079082001200103090001900115100002500134245007200159260002600231300003000257500003100287650002800318850001500346980001300361985000600374999001500380999001500395YOGYA-0209000000526120090227020807.0 ind  0010-020900000005261 a301.152 a301.152bSas P aSASTROPUTRO, Santoso aPropogandabsalah satu bentuk komunikasi massacSantoso Satropoetro aBandungbAlumnic1983 axii, 255 hlmbilusc21 cm aBibliografi : hlm. 253-255 aKomunikasi - Propaganda aYOPDYOG(B) a11-06-05 a2 aP000024615 aP000024614